The electrical conductivity of the surface layers of oxide polycrystalline semiconductors irradiated by accelerated ions; IOP Conference Series: Materials Science and Engineering; Vol. 81 : Radiation-Thermal Effects and Processes in Inorganic Materials

Bibliografiske detaljer
Parent link:IOP Conference Series: Materials Science and Engineering
Vol. 81 : Radiation-Thermal Effects and Processes in Inorganic Materials.— 2015.— [012026, 6 p.]
Hovedforfatter: Frangulyan (Franguljyan) Т. S. Tamara Semenovna
Institution som forfatter: Национальный исследовательский Томский политехнический университет (ТПУ) Институт неразрушающего контроля (ИНК) Проблемная научно-исследовательская лаборатория электроники, диэлектриков и полупроводников (ПНИЛ ЭДиП)
Andre forfattere: Gyngazov (Ghyngazov) S. A. Sergey Anatolievich, Kaz S. M.
Summary:Title screen
The effect of ion irradiation on the electrical conductivity of low resistance and high resistance subsurface layers of polycrystalline Li-Ti ferrites is studied. Irradiation was carried out with accelerated Ar+ ions with energy E=150 keV and the fluence F=10{16} ions/cm{2}. It is found that exposure of high-resistance ferrites significantly decreases the activation energy E[sigma] and considerably increases the electrical conductivity of the surface layers. The effect of the ion beam on the stated low-resistance characteristics of the samples is much weaker. The observed decrease in the numerical values of E[sigma] is due to the decrease in the values of the intergranular potential barrier caused by the exposure. The decrease in the potential barrier difference is due to the decreased degree of the grain boundary oxidation which is caused by preferential desorption of oxygen under the action of the ion beam. The thermal stability of the electrical characteristics of the investigated ferrites subjected to ion radiation-induced modification is determined.
Режим доступа: по договору с организацией-держателем ресурса
Sprog:engelsk
Udgivet: 2015
Fag:
Online adgang:http://dx.doi.org/10.1088/1757-899X/81/1/012026
http://earchive.tpu.ru/handle/11683/14697
Format: MixedMaterials Electronisk Book Chapter
KOHA link:https://koha.lib.tpu.ru/cgi-bin/koha/opac-detail.pl?biblionumber=642950

MARC

LEADER 00000nla2a2200000 4500
001 642950
005 20240215141640.0
035 |a (RuTPU)RU\TPU\network\7938 
035 |a RU\TPU\network\7935 
090 |a 642950 
100 |a 20150825a2015 k y0engy50 ba 
101 0 |a eng 
102 |a GB 
105 |a y z 100zy 
135 |a drcn ---uucaa 
181 0 |a i  
182 0 |a b 
200 1 |a The electrical conductivity of the surface layers of oxide polycrystalline semiconductors irradiated by accelerated ions  |f Т. S. Frangulyan (Franguljyan), S. A. Gyngazov (Ghyngazov), S. M. Kaz 
203 |a Text  |c electronic 
300 |a Title screen 
320 |a [References: 11 tit.] 
330 |a The effect of ion irradiation on the electrical conductivity of low resistance and high resistance subsurface layers of polycrystalline Li-Ti ferrites is studied. Irradiation was carried out with accelerated Ar+ ions with energy E=150 keV and the fluence F=10{16} ions/cm{2}. It is found that exposure of high-resistance ferrites significantly decreases the activation energy E[sigma] and considerably increases the electrical conductivity of the surface layers. The effect of the ion beam on the stated low-resistance characteristics of the samples is much weaker. The observed decrease in the numerical values of E[sigma] is due to the decrease in the values of the intergranular potential barrier caused by the exposure. The decrease in the potential barrier difference is due to the decreased degree of the grain boundary oxidation which is caused by preferential desorption of oxygen under the action of the ion beam. The thermal stability of the electrical characteristics of the investigated ferrites subjected to ion radiation-induced modification is determined. 
333 |a Режим доступа: по договору с организацией-держателем ресурса 
337 |a Adobe Reader 
461 1 |0 (RuTPU)RU\TPU\network\2008  |t IOP Conference Series: Materials Science and Engineering 
463 1 |0 (RuTPU)RU\TPU\network\7891  |t Vol. 81 : Radiation-Thermal Effects and Processes in Inorganic Materials  |o International Scientific Conference, 3-8 November 2014, Tomsk, Russia  |o [proceedings]  |v [012026, 6 p.]  |d 2015 
610 1 |a электронный ресурс 
610 1 |a труды учёных ТПУ 
610 1 |a электрическая проводимость 
610 1 |a поверхностные слои 
610 1 |a оксиды 
610 1 |a поликристаллические полупроводники 
610 1 |a полупроводники 
610 1 |a облучение ионами 
610 1 |a ускоренные ионы 
700 1 |a Frangulyan (Franguljyan)  |b Т. S.  |c specialist in the field of electronics, dielectrics and semiconductors  |c leading researcher of Tomsk Polytechnic University, candidate of physical and mathematical Sciences  |f 1940-  |g Tamara Semenovna  |3 (RuTPU)RU\TPU\pers\33975 
701 1 |a Gyngazov (Ghyngazov)  |b S. A.  |c specialist in the field of electronics  |c Professor of Tomsk Polytechnic University, Doctor of technical sciences  |f 1958-  |g Sergey Anatolievich  |3 (RuTPU)RU\TPU\pers\33279  |9 17024 
701 1 |a Kaz  |b S. M. 
712 0 2 |a Национальный исследовательский Томский политехнический университет (ТПУ)  |b Институт неразрушающего контроля (ИНК)  |b Проблемная научно-исследовательская лаборатория электроники, диэлектриков и полупроводников (ПНИЛ ЭДиП)  |3 (RuTPU)RU\TPU\col\19033 
801 2 |a RU  |b 63413507  |c 20161212  |g RCR 
856 4 |u http://dx.doi.org/10.1088/1757-899X/81/1/012026 
856 4 |u http://earchive.tpu.ru/handle/11683/14697 
942 |c CF